Nhà máy điện nguyên tử

Tài liệu trình bày những vấn đề chung như năng lượng nguyên tử trong công bằng năng lượng thế giới, quá trình phát triển nhà máy điện nguyên tử, những khái niệm cơ bản về hạt nhân nguyên tử, tia phóng xạ, các ứng dụng của nó và an toà...

Cijeli opis

Spremljeno u:
Bibliografski detalji
Glavni autor: Nguyễn, Lân Tráng
Format: Knjiga
Jezik:Undetermined
Izdano: Hà Nội Khoa học và Kỹ thuật 2011
Teme:
Oznake: Dodaj oznaku
Bez oznaka, Budi prvi tko označuje ovaj zapis!
Thư viện lưu trữ: Trung tâm Học liệu Trường Đại học Cần Thơ
LEADER 01187nam a2200241Ia 4500
001 CTU_176529
008 210402s9999 xx 000 0 und d
020 |c 34000 
082 |a 621.3125 
082 |b Tr106 
100 |a Nguyễn, Lân Tráng 
245 0 |a Nhà máy điện nguyên tử 
245 0 |c Nguyễn Lân Tráng, Đỗ Anh Tuấn 
260 |a Hà Nội 
260 |b Khoa học và Kỹ thuật 
260 |c 2011 
520 |a Tài liệu trình bày những vấn đề chung như năng lượng nguyên tử trong công bằng năng lượng thế giới, quá trình phát triển nhà máy điện nguyên tử, những khái niệm cơ bản về hạt nhân nguyên tử, tia phóng xạ, các ứng dụng của nó và an toàn đối với tia phóng xạ. 
526 |a Thực tế ngoài trường - Vật lý 
526 |b SP146 
650 |a Năng lượng hạt nhân,Nuclear power plants 
650 |x Công nghiệp hạt nhân,Nuclear industry 
904 |i Trọng Hiếu 
980 |a Trung tâm Học liệu Trường Đại học Cần Thơ